Central Library OPAC University of Rajshahi

Modern Turkey : (Record no. 65300)

MARC details
000 -LEADER
fixed length control field 00782nam a22002297a 4500
001 - CONTROL NUMBER
control field 65300
003 - CONTROL NUMBER IDENTIFIER
rucl marc code BD-RjUL
005 - DATE AND TIME OF LATEST TRANSACTION
control field 20211209081416.0
008 - FIXED-LENGTH DATA ELEMENTS--GENERAL INFORMATION
fixed length control field 170304s1924 nyua|||| b||| 001 0 eng d
035 ## - SYSTEM CONTROL NUMBER
System control number (BD-RjUL)65430
040 ## - CATALOGING SOURCE
Original cataloging agency BD-RjUL
Language of cataloging eng
Transcribing agency BD-RjUL
Modifying agency BD-RjUL
041 ## - LANGUAGE CODE
Language code of text/sound track or separate title eng
082 ## - DEWEY DECIMAL CLASSIFICATION NUMBER
Edition number 23
Classification number 956.1
Author mark and year MEM 1924
100 ## - MAIN ENTRY--PERSONAL NAME
Personal name Mears, Eliot Grinnell
9 (RLIN) 193277
245 ## - TITLE STATEMENT
Title Modern Turkey :
Remainder of title a politico-economic interpretation, 1908-1923 inclusive, with selected chapters by representative authorities /
Statement of responsibility, etc. Eliot Grinnell Mears
260 ## - PUBLICATION, DISTRIBUTION, ETC. (IMPRINT)
Place of publication, distribution, etc. New York :
Name of publisher, distributor, etc. Macmillan,
Date of publication, distribution, etc. 1924.
300 ## - PHYSICAL DESCRIPTION
Pagination xiv, 779 p. :
Illustrations ill. ;
Size 24 cm.
504 ## - BIBLIOGRAPHY, ETC. NOTE
Bibliography, etc Include Bibliography and index.
651 ## - SUBJECT ADDED ENTRY--GEOGRAPHIC NAME
Geographic name Turkey.
9 (RLIN) 191121
Geographic name Turkey
Form subdivision Economic conditions.
9 (RLIN) 193280
942 ## - ADDED ENTRY ELEMENTS (KOHA)
Source of classification or shelving scheme Dewey Decimal Classification
Koha item type Books
Holdings
Lost status Source of classification or shelving scheme Damaged status Not for loan Collection code Permanent Location Current Location Shelving location Date acquired Source of acquisition Cost, normal purchase price Total Checkouts Full call number Date last seen Copy number Koha item type
  Dewey Decimal Classification   Not For Loan Non-fiction Central Library, University of Rajshahi Central Library, University of Rajshahi Reading Room 07/11/1966 A.G. Qureshi 28.80   956.1 MEM 1924 04/03/2017 C-1 Books